Sociálno-priestorová situácia Slovenska, jej vývoj a problémy v 20. storočí

Nutnosť striedania civilizačného základu vývoja spoločnosti a jej sociálno-priestorovej organizácie. Povojnové koncepcie sociálno-priestorového vývoja Slovenska. Potreba industriálnej a urbánnej transformácie slovenskej spoločnosti. Vývoj a faktory formovania sociálno-priestorovej situácie Slovenska...

Descripción completa

Guardado en:
Detalles Bibliográficos
Autor principal: Gajdoš, Peter
Formato: Capítulo de libro
Lenguaje:eslovaco
Materias:
Etiquetas: Agregar Etiqueta
Sin Etiquetas, Sea el primero en etiquetar este registro!

MARC

LEADER 00000naa a2200000 4500
001 r035254
005 20230929070147.4
041 0 |a slo 
044 |a SK 
245 1 0 |a Sociálno-priestorová situácia Slovenska, jej vývoj a problémy v 20. storočí  |c Peter Gajdoš 
520 |a Nutnosť striedania civilizačného základu vývoja spoločnosti a jej sociálno-priestorovej organizácie. Povojnové koncepcie sociálno-priestorového vývoja Slovenska. Potreba industriálnej a urbánnej transformácie slovenskej spoločnosti. Vývoj a faktory formovania sociálno-priestorovej situácie Slovenska v 20.storočí. Špecifiká súčasnej sociálno-priestorovej situácie SR. Vplyv nového územno-správneho usporiadania SR. Formovanie novej medziregionálnej polarizácie. 
610 2 0 |a vývoj sociálny 
610 2 0 |a vývoj spoločenský 
610 2 0 |a obdobie povojnové 
610 2 0 |a urbanizácia 
610 2 0 |a procesy sociálne 
610 2 0 |a industrializácia 
610 2 0 |a transformácia 
610 2 0 |a migrácia 
610 2 0 |a osídľovanie 
610 2 0 |a členenie územné administratívne 
610 2 0 |a Slovensko 
610 2 0 |a Česko 
100 1 |a Gajdoš, Peter